International Cricket Rankings Top 10 - Statistics

General Stats
  • This quiz has been taken 356 times
    343 since last reset
  • The average score is 9 of 10
Answer Stats
Rank Answer % Correct
3 India
99%
2 Australia
97%
4 England
96%
7 New Zealand
95%
5 Pakistan
94%
1 South Africa
93%
6 Sri Lanka
92%
10 Bangladesh
89%
8 West Indies
88%
9 Zimbabwe
74%
No matching quizzes found
Score Distribution
Percent of People with Each Score
Percentile by Number Answered
Your Score History
You have not taken this quiz since the last reset